LIBRARY & INFORMATION CENTRE, KCAET, TAVANUR

ONLINE PUBLIC ACCESS CATALOGUE (OPAC)

Standard refrigeration and air conditioning : Questions and answers / (Record no. 1659)

MARC details
000 -LEADER
fixed length control field 00562cam a2200205ua 4500
041 ## - LANGUAGE CODE
Language code of text/sound track or separate title eng
082 ## - DEWEY DECIMAL CLASSIFICATION NUMBER
Classification number 697.93
Item number ELO/ST
100 ## - MAIN ENTRY--AUTHOR NAME
Personal name Elonka, Steve .
245 ## - TITLE STATEMENT
Title Standard refrigeration and air conditioning : Questions and answers /
250 ## - EDITION STATEMENT
Edition statement 2 /
260 ## - PUBLICATION, DISTRIBUTION, ETC. (IMPRINT)
Place of publication New Delhi :
Name of publisher Tata Mc-Graw Hill Publishing Company ,
Year of publication 1982.
300 ## - PHYSICAL DESCRIPTION
Number of Pages 321 ; .
700 1# - ADDED ENTRY--PERSONAL NAME
Personal name Minich, Quarid .W .
942 ## - ADDED ENTRY ELEMENTS (KOHA)
Koha item type Books
Holdings
Withdrawn status Lost status Damaged status Home library Current library Date acquired Full call number Accession Number Koha item type
      KAUAET KAUAET 07/04/2012 697.93 14553 Books
      KAUAET KAUAET 07/04/2012 697.93 14554 Books
free website counter